| 000 | 01077nam a2200241Ii 4500 | ||
|---|---|---|---|
| 003 | JO-AjNU | ||
| 005 | 20240629111426.0 | ||
| 008 | 230605s9999||||xx |||||||||||||| ||und|| | ||
| 040 |
_aJO-AjNU _bara _erda _cJO-AjNU |
||
| 041 | _aara | ||
| 050 | 1 | 4 | _aK623 2020 |
| 100 | 1 |
_aالرواي، ابراهيم رياض ابراهيم _eمعد _965782 |
|
| 245 | 0 |
_aمدى سلطة القاتضي في استكمال العقد"دراسة مقارنة"= The Extent of the Judges Authority in the to Accomplishment of the Contract "A comparative Study" / _cاعداد ابراهيم رياض ابراهيم الراوي؛ اشراف منتصر القضاة |
|
| 264 | 3 | 1 | _a2020 |
| 300 | _a106 ورقة | ||
| 336 |
_atext _btxt _2rdacontent |
||
| 337 |
_aunmediated _bn _2rdamedia |
||
| 338 |
_avolume _bnc _2rdacarrier |
||
| 500 | _aرسالة جامعية(اطروحة ماجستير)كلية الحقوق، تخصص القانون، جامعة عجلون الوطنية،2020 | ||
| 650 | 4 |
_aالقضاة _959730 |
|
| 700 | 1 |
_aالقضاة، منتصر _964973 |
|
| 942 |
_2lcc _cTHS |
||
| 999 |
_c30461 _d30461 |
||